[Event "Hastings Weekend op-A"]
[Site "Hastings"]
[Date "2024.01.07"]
[Round "5"]
[White "Kovalskyi, Roman"]
[Black "Boucquet, Emile"]
[Result "1-0"]
[WhiteElo "2009"]
[BlackElo "2199"]
[PlyCount "99"]
[EventDate "2024.01.06"]
[EventType "swiss"]
[EventRounds "5"]
[EventCountry "ENG"]
[SourceTitle "CB02_2024"]
[SourceDate "2024.01.10"]
[SourceVersion "1"]
[SourceVersionDate "2024.01.10"]
[SourceQuality "1"]

1. e4 c5 2. Nf3 d6 3. d4 Nf6 4. Nc3 cxd4 5. Nxd4 a6 6. Be3 e5 7. Nb3 Be6 8. f3 Be7 9. Qd2 0-0 10. 0-0-0 b5 11. g4 Nbd7 12. g5 Nh5 13. Rg1 Qc7 14. Kb1 Rfc8 15. Qf2 b4 16. Nd5 Bxd5 17. exd5 a5 18. Bb5 a4 19. Nc1 Nb8 20. Rg4 Nf4 21. Bxf4 exf4 22. Rxf4 Qa5 23. Qe1 Bxg5 24. Rc4 Na6 25. Rxc8+ Rxc8 26. Bxa6 Qxa6 27. Qxb4 Rc4 28. Qb8+ Rc8 29. Qb4 h6 30. Qe4 Qb5 31. a3 Rc4 32. Qd3 Qc5 33. Qe2 Bf6 34. Na2 Qb5 35. c3 g6 36. Qc2 Rh4 37. Nb4 Be5 38. Rd2 Qf1+ 39. Ka2 Qxf3 40. Qxa4 Bf4 41. Qe8+ Kg7 42. Re2 Be5 43. Rxe5 dxe5 44. Qxe5+ Kh7 45. d6 Rh5 46. Qd4 Rxh2 47. d7 Qe2 48. c4 Qf1 49. d8Q Qh1 50. Q4h8# 1-0

[Event "Bruges Masters op"]
[Site "Bruges"]
[Date "2023.08.14"]
[Round "4"]
[White "Boucquet, Emile"]
[Black "Neininger, Ralph"]
[Result "1-0"]
[WhiteElo "2233"]
[BlackElo "2121"]
[PlyCount "99"]
[EventDate "2023.08.12"]
[EventType "swiss"]
[EventRounds "9"]
[EventCountry "BEL"]
[SourceTitle "CBM 215 Extra"]
[Source "ChessBase"]
[SourceDate "2023.09.30"]
[SourceVersion "1"]
[SourceVersionDate "2023.09.30"]
[SourceQuality "1"]

1. e4 e6 2. d4 d5 3. Nd2 dxe4 4. Nxe4 Nd7 5. Nf3 Ngf6 6. Nxf6+ Nxf6 7. Bd3 c5 8. 0-0 cxd4 9. Nxd4 Bc5 10. Nf3 0-0 11. Qe2 b6 12. Bg5 Bb7 13. Rad1 Qc7 14. Ne5 Rfd8 15. c4 Rd4 16. Bd2 Be4 17. Bc3 Qxe5 18. Bxd4 Bxd4 19. Rfe1 Bxd3 20. Qxd3 Bxf2+ 21. Kf1 Qc7 22. Kxf2 Ng4+ 23. Kf3 Nxh2+ 24. Ke2 Ng4 25. Qe4 Qe5 26. Kf3 Qxe4+ 27. Rxe4 Nf6 28. Red4 Kf8 29. Rd8+ Rxd8 30. Rxd8+ Ke7 31. Ra8 a5 32. c5 bxc5 33. Rxa5 Nd7 34. Ra6 f5 35. a4 g5 36. a5 Ne5+ 37. Ke2 Kd7 38. Rb6 Kc7 39. Rxe6 Nc6 40. Kd3 Nxa5 41. Re5 Kd6 42. Rxf5 h6 43. Rf6+ Ke5 44. Rxh6 Kf4 45. Ra6 Nb3 46. Kc4 Nc1 47. Re6 Kg3 48. Re1 Na2 49. Kxc5 Kxg2 50. Ra1 1-0

[Event "BEL-ch"]
[Site "Bruges"]
[Date "2022.08.17"]
[Round "7"]
[White "Van der Stricht, Geert"]
[Black "Boucquet, Emile"]
[Result "1-0"]
[WhiteElo "2365"]
[BlackElo "2215"]
[PlyCount "67"]
[EventDate "2022.08.11"]
[EventType "tourn"]
[EventRounds "9"]
[EventCountry "BEL"]
[EventCategory "4"]
[SourceTitle "CBM 209 Extra"]
[Source "ChessBase"]
[SourceDate "2022.09.30"]
[SourceVersion "1"]
[SourceVersionDate "2022.09.30"]
[SourceQuality "1"]

1. d4 d5 2. c4 dxc4 3. Nf3 Nf6 4. e3 e6 5. Bxc4 a6 6. Qe2 c5 7. dxc5 Bxc5 8. 0-0 b5 9. Bd3 Nc6 10. Nc3 Qc7 11. Bd2 Nb4 12. Bb1 Bb7 13. Nxb5 axb5 14. Bxb4 Bxb4 15. Qxb5+ Qc6 16. Qxb4 Ra4 17. Qc3 Rc4 18. Qe5 Rc5 19. Qg3 Ba6 20. Nd4 Qb6 21. Rd1 Qxb2 22. Nb3 Rc6 23. Qb8+ Rc8 24. Qd6 Be2 25. Be4 Nxe4 26. Qd7+ Kf8 27. Qxc8+ Ke7 28. Qc7+ Kf6 29. Qf4+ Ke7 30. Qc7+ Kf6 31. Qf4+ Ke7 32. Qxe4 Bxd1 33. Rxd1 Qxa2 34. Qb4+ 1-0

[Event "Pula op 34th"]
[Site "Pula"]
[Date "2022.06.24"]
[Round "8"]
[White "Boucquet, Emile"]
[Black "Seres, Bela"]
[Result "0-1"]
[WhiteElo "2270"]
[BlackElo "2164"]
[PlyCount "82"]
[EventDate "2022.06.18"]
[EventType "swiss"]
[EventRounds "9"]
[EventCountry "CRO"]
[SourceTitle "CBM 209 Extra"]
[Source "ChessBase"]
[SourceDate "2022.09.30"]
[SourceVersion "1"]
[SourceVersionDate "2022.09.30"]
[SourceQuality "1"]

1. e4 e5 2. Nf3 Nf6 3. Nxe5 d6 4. Nf3 Nxe4 5. d3 Nf6 6. d4 d5 7. Bd3 Bd6 8. 0-0 0-0 9. h3 h6 10. Re1 Re8 11. Ne5 c5 12. Be3 c4 13. Be2 Nc6 14. Nf3 Ne4 15. Nfd2 f5 16. Nxe4 fxe4 17. Bg4 Bc7 18. Nc3 a6 19. Bxc8 Rxc8 20. Qh5 Ne7 21. Ne2 Rf8 22. Qg4 Nf5 23. Bf4 Qf6 24. Bxc7 Rxc7 25. Nf4 Qd6 26. Rad1 g5 27. Nh5 Qg6 28. c3 Rcf7 29. Re2 Kh7 30. Rf1 Ng7 31. Nxg7 Kxg7 32. Re3 h5 33. Qg3 Rf4 34. Re2 h4 35. Qe3 g4 36. hxg4 Qxg4 37. Qd2 h3 38. f3 Rxf3 39. Rxf3 Rxf3 40. Qe1 Rg3 41. Qf1 Rxg2+ 0-1

[Event "Pula op 34th"]
[Site "Pula"]
[Date "2022.06.23"]
[Round "7"]
[White "Lavrencic, Matic"]
[Black "Boucquet, Emile"]
[Result "0-1"]
[WhiteElo "2148"]
[BlackElo "2270"]
[PlyCount "60"]
[EventDate "2022.06.18"]
[EventType "swiss"]
[EventRounds "9"]
[EventCountry "CRO"]
[SourceTitle "CBM 209 Extra"]
[Source "ChessBase"]
[SourceDate "2022.09.30"]
[SourceVersion "1"]
[SourceVersionDate "2022.09.30"]
[SourceQuality "1"]

1. e4 c5 2. Nf3 d6 3. d4 cxd4 4. Nxd4 Nf6 5. Nc3 a6 6. h3 e5 7. Nde2 b5 8. Ng3 Be7 9. a4 b4 10. Nd5 Nxd5 11. Qxd5 Ra7 12. Be3 Be6 13. Qd2 Rd7 14. Qxb4 Qc8 15. Qd2 d5 16. exd5 Rxd5 17. Qc1 f5 18. Bd2 0-0 19. Be2 Nc6 20. Bc4 Nd4 21. Bxd5 Bxd5 22. Bc3 Bxg2 23. Bxd4 exd4 24. Qd2 Qb7 25. 0-0-0 f4 26. Nh5 Bxh1 27. Qxd4 Rf7 28. Re1 Qd5 29. Qa7 Be4 30. Qxa6 Bg6 0-1

[Event "Pula op 34th"]
[Site "Pula"]
[Date "2022.06.20"]
[Round "3"]
[White "Berke, Ana"]
[Black "Boucquet, Emile"]
[Result "1/2-1/2"]
[WhiteElo "2171"]
[BlackElo "2270"]
[PlyCount "99"]
[EventDate "2022.06.18"]
[EventType "swiss"]
[EventRounds "9"]
[EventCountry "CRO"]
[SourceTitle "CBM 209 Extra"]
[Source "ChessBase"]
[SourceDate "2022.09.30"]
[SourceVersion "1"]
[SourceVersionDate "2022.09.30"]
[SourceQuality "1"]

1. e4 c5 2. Nf3 d6 3. Bb5+ Nd7 4. 0-0 a6 5. Bxd7+ Bxd7 6. c3 Nf6 7. Re1 Bc6 8. d4 cxd4 9. cxd4 g6 10. d5 Bd7 11. Nc3 Bg7 12. a4 0-0 13. a5 Bg4 14. h3 Bxf3 15. Qxf3 Nd7 16. Be3 Rc8 17. Qd1 Ne5 18. Bd4 g5 19. Ra4 e6 20. Kh1 Qe7 21. Rf1 Qf6 22. Qh5 Qg6 23. Qxg6 Nxg6 24. Bxg7 Kxg7 25. g3 Ne5 26. f4 Nd3 27. fxg5 Nxb2 28. Ra2 Rxc3 29. Rxb2 exd5 30. exd5 Rxg3 31. Rf6 Rxh3+ 32. Kg2 Ra3 33. Rxd6 Rxa5 34. Rxb7 Rc8 35. Ra7 Rc3 36. Raxa6 Rb5 37. Rab6 Rbc5 38. Rdc6 Rxc6 39. Rxc6 Rd3 40. Rd6 Kf8 41. Rh6 Kg7 42. Rd6 Kf8 43. Rh6 Rxd5 44. Rxh7 Rxg5+ 45. Kf3 Ke7 46. Kf4 Rg1 47. Rh6 Rf1+ 48. Ke4 f6 49. Rh5 f5+ 50. Rxf5 1/2-1/2

[Event "Wachtebeke op"]
[Site "Wachtebeke"]
[Date "2022.03.03"]
[Round "9"]
[White "Jansen, Bob"]
[Black "Boucquet, Emile"]
[Result "0-1"]
[WhiteElo "2157"]
[BlackElo "2206"]
[PlyCount "47"]
[EventDate "2022.02.26"]
[EventType "swiss"]
[EventRounds "9"]
[EventCountry "BEL"]
[SourceTitle "CBM 207 Extra"]
[Source "ChessBase"]
[SourceDate "2022.05.31"]
[SourceVersion "1"]
[SourceVersionDate "2022.05.31"]
[SourceQuality "1"]

1. d4 d5 2. Bf4 c5 3. e3 cxd4 4. exd4 Nc6 5. c3 Bf5 6. Nf3 e6 7. Qb3 Qd7 8. Nbd2 f6 9. Be2 g5 10. Be3 Bd6 11. 0-0 Nge7 12. c4 Rc8 13. Rac1 h5 14. Rfe1 h4 15. cxd5 exd5 16. Nf1 g4 17. N3d2 Kf7 18. Bd3 Rcg8 19. Ne4 Bxe4 20. Bxe4 Na5 21. Bxd5+ Kg7 22. Qc3 Nxd5 23. Qxa5 Bb4 24. Qa4 0-1

[Event "Wachtebeke op"]
[Site "Wachtebeke"]
[Date "2022.03.01"]
[Round "6"]
[White "Boucquet, Emile"]
[Black "Larkin, Vladislav"]
[Result "1/2-1/2"]
[WhiteElo "2206"]
[BlackElo "2399"]
[PlyCount "105"]
[EventDate "2022.02.26"]
[EventType "swiss"]
[EventRounds "9"]
[EventCountry "BEL"]
[SourceTitle "CBM 207 Extra"]
[Source "ChessBase"]
[SourceDate "2022.05.31"]
[SourceVersion "1"]
[SourceVersionDate "2022.05.31"]
[SourceQuality "1"]

1. e4 Nf6 2. Nc3 d5 3. exd5 Nxd5 4. Bc4 Nb6 5. Bb3 c5 6. Qh5 e6 7. d3 Nc6 8. Bg5 Qc7 9. Nf3 Nd4 10. 0-0 Nxf3+ 11. Qxf3 Bd6 12. Nb5 Bxh2+ 13. Kh1 Qd7 14. Nxa7 Be5 15. Nxc8 Rxc8 16. c3 h6 17. Bf4 Bxf4 18. Qxf4 0-0 19. Rad1 Qc6 20. Rfe1 Rcd8 21. Qg4 Kh8 22. Re3 f5 23. Qf3 Qxf3 24. gxf3 c4 25. dxc4 Rxd1+ 26. Bxd1 Nxc4 27. Rxe6 Nxb2 28. Bc2 Nc4 29. Bd3 Nb2 30. Bc2 Nc4 31. Bd3 Nb2 32. Bc2 Nc4 33. Re7 Nd6 34. Rd7 Rf6 35. Bd3 Kh7 36. c4 b6 37. Rc7 Kg6 38. a4 Ne8 39. Rc8 Rd6 40. Bxf5+ Kxf5 41. Rxe8 Rd1+ 42. Kg2 Ra1 43. Ra8 Rc1 44. Rc8 Ra1 45. c5 bxc5 46. Rxc5+ Kg6 47. Ra5 Ra3 48. Kg3 Ra2 49. Ra8 Ra1 50. a5 Ra4 51. a6 Kh7 52. f4 Kg6 53. Kg4 1/2-1/2

[Event "Wachtebeke op"]
[Site "Wachtebeke"]
[Date "2022.02.28"]
[Round "4"]
[White "Boucquet, Emile"]
[Black "Alves Garcia, Eric"]
[Result "1-0"]
[WhiteElo "2206"]
[BlackElo "2064"]
[PlyCount "45"]
[EventDate "2022.02.26"]
[EventType "swiss"]
[EventRounds "9"]
[EventCountry "BEL"]
[SourceTitle "CBM 207 Extra"]
[Source "ChessBase"]
[SourceDate "2022.05.31"]
[SourceVersion "1"]
[SourceVersionDate "2022.05.31"]
[SourceQuality "1"]

1. e4 c5 2. Nf3 e6 3. d4 cxd4 4. c3 Nf6 5. e5 Nd5 6. cxd4 b6 7. Bd3 Bb4+ 8. Bd2 Bxd2+ 9. Qxd2 Ba6 10. Bxa6 Nxa6 11. 0-0 0-0 12. Ng5 f5 13. Nc3 Nxc3 14. bxc3 Rc8 15. Rac1 Rc4 16. Qe2 Ra4 17. Qc2 Ra5 18. Nf3 Qe7 19. Nd2 Rc8 20. Qb3 Qa3 21. Nc4 Qxa2 22. Nxa5 Qxb3 23. Nxb3 1-0

[Event "Cappelle op 38th"]
[Site "Cappelle la Grande"]
[Date "2022.02.12"]
[Round "1"]
[White "Beerdsen, Thomas"]
[Black "Boucquet, Emile"]
[Result "1-0"]
[WhiteElo "2508"]
[BlackElo "2206"]
[PlyCount "77"]
[EventDate "2022.02.12"]
[EventType "swiss"]
[EventRounds "9"]
[EventCountry "FRA"]
[SourceTitle "CBM 206 Extra"]
[Source "ChessBase"]
[SourceDate "2022.03.31"]
[SourceVersion "1"]
[SourceVersionDate "2022.03.31"]
[SourceQuality "1"]

1. e4 c5 2. Nf3 d6 3. d4 Nf6 4. Nc3 cxd4 5. Nxd4 a6 6. a3 e5 7. Nf5 d5 8. Bg5 d4 9. Bxf6 gxf6 10. Ne2 Qb6 11. Rb1 Be6 12. Neg3 Ba2 13. Ra1 Qxb2 14. Bd3 Qc3+ 15. Kf1 Be6 16. Rb1 Qc6 17. Nh5 Nd7 18. Qf3 0-0-0 19. g3 Rg8 20. h4 Bxf5 21. Qxf5 Qe6 22. Qf3 Bxa3 23. Qe2 Nc5 24. Bc4 Qc6 25. Bd5 Rxd5 26. exd5 Qxd5 27. Kg1 Nd7 28. Qd3 Bd6 29. Qf5 Qe6 30. Qe4 Nc5 31. Qxh7 Rg6 32. Ng7 Qa2 33. Kh2 e4 34. Qh8+ Kd7 35. Qe8+ Kc7 36. Nf5 Qe6 37. Nxd6 Kxd6 38. Rb6+ Ke5 39. Rxe6+ 1-0

[Event "Belgrade Serbia op"]
[Site "Belgrade"]
[Date "2021.07.03"]
[Round "3"]
[White "Boucquet, Emile"]
[Black "Velikic, Adela"]
[Result "1-0"]
[WhiteElo "2100"]
[BlackElo "2308"]
[PlyCount "73"]
[EventDate "2021.07.02"]
[EventType "swiss"]
[EventRounds "9"]
[EventCountry "SRB"]
[SourceTitle "CBM 203 Extra"]
[Source "ChessBase"]
[SourceDate "2021.09.30"]
[SourceVersion "1"]
[SourceVersionDate "2021.09.30"]
[SourceQuality "1"]

1. e4 c5 2. d4 cxd4 3. c3 dxc3 4. Nxc3 Nc6 5. Nf3 e6 6. Bc4 a6 7. 0-0 b5 8. Bb3 Na5 9. Re1 Nxb3 10. Qxb3 Bb7 11. Bf4 Ne7 12. Bd6 Ng6 13. Bxf8 Nxf8 14. a4 Ng6 15. axb5 0-0 16. bxa6 Bxa6 17. Red1 Nf4 18. Kh1 Qf6 19. Rxd7 Bc4 20. Qd1 Nd3 21. Qb1 Nxf2+ 22. Kg1 Nh3+ 23. Kh1 Rxa1 24. Qxa1 Nf4 25. Qd1 Qg6 26. Qd2 Bf1 27. Ne1 e5 28. Rd8 f6 29. Rxf8+ Kxf8 30. Qf2 Bd3 31. Qc5+ Kf7 32. Qc7+ Kf8 33. Qc8+ Kf7 34. Qb7+ Kg8 35. g3 Qg4 36. gxf4 Qh3 37. Qd5+ 1-0

[Event "Belgrade Serbia op"]
[Site "Belgrade"]
[Date "2021.07.03"]
[Round "2"]
[White "Stankovic, Milos M"]
[Black "Boucquet, Emile"]
[Result "1-0"]
[WhiteElo "2327"]
[BlackElo "2100"]
[PlyCount "99"]
[EventDate "2021.07.02"]
[EventType "swiss"]
[EventRounds "9"]
[EventCountry "SRB"]
[SourceTitle "CBM 203 Extra"]
[Source "ChessBase"]
[SourceDate "2021.09.30"]
[SourceVersion "1"]
[SourceVersionDate "2021.09.30"]
[SourceQuality "1"]

1. d4 Nf6 2. c4 e6 3. Nc3 d5 4. Nf3 dxc4 5. g3 Be7 6. Bg2 Qd6 7. 0-0 0-0 8. e4 Qa6 9. a4 c6 10. Bg5 h6 11. Bxf6 Bxf6 12. Qe2 Nd7 13. Rfd1 e5 14. dxe5 Nxe5 15. Nxe5 Bxe5 16. f4 Bxc3 17. bxc3 Qa5 18. Qxc4 Be6 19. Qb4 Qb6+ 20. Qxb6 axb6 21. Rdb1 Ra7 22. Rxb6 Rfa8 23. Rb4 b5 24. e5 Bd7 25. Rd4 Be8 26. a5 Kf8 27. Rd6 Ra6 28. Kf2 Rxa5 29. Rxa5 Rxa5 30. Bxc6 Ra2+ 31. Kg1 Bxc6 32. Rxc6 g6 33. Rb6 Rc2 34. Rxb5 Rxc3 35. Rb2 h5 36. Kg2 Rc7 37. Rb6 Rc2+ 38. Kh3 Re2 39. Rb7 Kg7 40. Rd7 Kg8 41. Kh4 Rxh2+ 42. Kg5 Rg2 43. Kf6 Rxg3 44. Rd8+ Kh7 45. Kxf7 Rf3 46. Rd4 Re3 47. e6 h4 48. e7 Kh6 49. Rd8 Kh5 50. Rd5+ 1-0

[Event "BEL-chT 1920"]
[Site "Belgium"]
[Date "2019.11.17"]
[Round "4.8"]
[White "Ahn, Martin"]
[Black "Boucquet, Emile"]
[Result "1-0"]
[WhiteElo "2179"]
[BlackElo "2079"]
[PlyCount "83"]
[EventDate "2019.09.29"]
[EventType "team-tourn"]
[EventRounds "11"]
[EventCountry "BEL"]
[SourceTitle "CBM 195 Extra"]
[Source "ChessBase"]
[SourceDate "2020.05.31"]
[SourceVersion "1"]
[SourceVersionDate "2020.05.31"]
[SourceQuality "1"]
[WhiteTeam "Eupen Rochade"]
[BlackTeam "KBSK Brugge"]
[WhiteTeamCountry "BEL"]
[BlackTeamCountry "BEL"]

1. e4 c5 2. Nf3 d6 3. Bb5+ Bd7 4. Bxd7+ Qxd7 5. c4 Nf6 6. Nc3 g6 7. d4 cxd4 8. Nxd4 Bg7 9. f3 0-0 10. Be3 Rc8 11. b3 Nc6 12. 0-0 e6 13. Rc1 Rd8 14. f4 Nxd4 15. Bxd4 e5 16. Be3 Ng4 17. Bd2 b5 18. cxb5 exf4 19. Bxf4 Rac8 20. Nd5 Rxc1 21. Bxc1 Qe6 22. h3 Nf6 23. Bg5 Nxd5 24. exd5 Qd7 25. Bxd8 Qxd8 26. Kh1 Be5 27. Qf3 f6 28. Rc1 Qa5 29. a4 Kg7 30. Qe3 h5 31. Rc4 g5 32. g3 Kh6 33. Kg2 Bb2 34. h4 Be5 35. hxg5+ fxg5 36. Qf2 a6 37. Qf8+ Kg6 38. Qg8+ Kh6 39. Qe6+ Kg7 40. Qe7+ Kg6 41. Qe6+ Kg7 42. b4 1-0

[Event "Trieste op 21st"]
[Site "Trieste"]
[Date "2019.09.01"]
[Round "3"]
[White "Guttenthaler, Franz"]
[Black "Boucquet, Emile"]
[Result "1-0"]
[WhiteElo "2317"]
[BlackElo "2080"]
[PlyCount "87"]
[EventDate "2019.08.31"]
[EventType "swiss"]
[EventRounds "9"]
[EventCountry "ITA"]
[SourceTitle "EXT 2020"]
[Source "ChessBase"]
[SourceDate "2019.10.17"]
[SourceVersion "1"]
[SourceVersionDate "2019.10.17"]
[SourceQuality "1"]

1. Nf3 d5 2. e3 Nf6 3. c4 e6 4. b3 Be7 5. Bb2 0-0 6. Be2 c5 7. 0-0 Nc6 8. cxd5 exd5 9. d4 Ne4 10. dxc5 Nxc5 11. Nc3 Bf6 12. Rc1 Ne4 13. Ba1 Nb4 14. Nxe4 dxe4 15. Qxd8 Rxd8 16. Bxf6 exf3 17. Bxd8 fxe2 18. Rfe1 Nd3 19. Ba5 b6 20. Bd2 Ba6 21. Rc7 Nxe1 22. Bxe1 h6 23. f3 Bd3 24. Kf2 a5 25. Rd7 Bb1 26. Rd2 a4 27. Kxe2 axb3 28. axb3 Ra2 29. e4 Bc2 30. b4 Bb1 31. b5 Rxd2+ 32. Kxd2 f5 33. exf5 Bxf5 34. Kc3 Kf7 35. Bf2 Ke6 36. Kc4 h5 37. Bxb6 Kd6 38. Bf2 Be6+ 39. Kd4 Bc8 40. Bg3+ Kd7 41. Ke5 Kc7 42. Bf2 g5 43. Kf6 g4 44. f4 1-0

[Event "Charleroi op"]
[Site "Roux"]
[Date "2019.08.02"]
[Round "8"]
[White "Boucquet, Emile"]
[Black "Roos, David"]
[Result "0-1"]
[WhiteElo "2064"]
[BlackElo "2114"]
[PlyCount "67"]
[EventDate "2019.07.27"]
[EventType "swiss"]
[EventRounds "9"]
[EventCountry "BEL"]
[SourceTitle "CBM 191 Extra"]
[Source "ChessBase"]
[SourceDate "2019.09.30"]
[SourceVersion "1"]
[SourceVersionDate "2019.09.30"]
[SourceQuality "1"]

1. e4 d5 2. exd5 Qxd5 3. Nc3 Qa5 4. d4 c6 5. Bd2 Nf6 6. h3 Bf5 7. g4 Bg6 8. Bg2 e6 9. f4 Bb4 10. Nge2 Nbd7 11. 0-0 h6 12. Ng3 0-0 13. f5 exf5 14. Nxf5 Rfe8 15. a3 Bf8 16. Kh1 Qb6 17. Be1 Rad8 18. Rb1 Bxf5 19. Rxf5 g6 20. Rf1 Bg7 21. Bf2 Qa5 22. Qc1 Nf8 23. b4 Qc7 24. b5 Ne6 25. bxc6 bxc6 26. Rb4 Qd7 27. Qb2 Rc8 28. Rb7 Rc7 29. Rb1 Nd8 30. Rxc7 Qxc7 31. Qb8 Qa5 32. Qb4 Qc7 33. Bg1 Bf8 34. Qa4 0-1

[Event "Lisbon Portugal rapid op"]
[Site "Lisbon"]
[Date "2019.02.10"]
[Round "2"]
[White "Boucquet, Emile"]
[Black "Li, Yunshan"]
[Result "1/2-1/2"]
[WhiteElo "2213"]
[BlackElo "2196"]
[PlyCount "95"]
[EventDate "2019.02.10"]
[EventType "swiss (rapid)"]
[EventRounds "8"]
[EventCountry "POR"]
[SourceTitle "CBM 188 Extra"]
[Source "ChessBase"]
[SourceDate "2019.02.26"]
[SourceVersion "1"]
[SourceVersionDate "2019.02.26"]
[SourceQuality "1"]

1. e4 c6 2. Nf3 d5 3. Nc3 dxe4 4. Nxe4 Nf6 5. Nxf6+ exf6 6. d4 Bd6 7. Bd3 0-0 8. 0-0 Bg4 9. c3 Nd7 10. Qc2 Bxf3 11. gxf3 g6 12. h4 Re8 13. Bd2 Qc7 14. h5 Nf8 15. Kg2 Bf4 16. Rh1 Bxd2 17. Qxd2 Ne6 18. Rh4 g5 19. Re4 f5 20. Re5 Nf4+ 21. Kh2 Rxe5 22. dxe5 Qxe5 23. Bc4 Ne6+ 24. Kh1 Rd8 25. Re1 Rxd2 26. Rxe5 Rxb2 27. Rxf5 h6 28. Bxe6 fxe6 29. Rf6 Rxa2 30. Kg2 Rc2 31. Rxh6 Rxc3 32. Rg6+ Kh7 33. Rxe6 Rb3 34. Kg3 Rb4 35. f4 gxf4+ 36. Kg4 a5 37. Re7+ Kh6 38. Re6+ Kg7 39. Re7+ Kg8 40. Kg5 c5 41. h6 Rb6 42. Rc7 Rc6 43. Rxb7 c4 44. Rb8+ Kh7 45. Rb7+ Kg8 46. Rb8+ Kh7 47. Rb7+ Kg8 48. Rb8+ 1/2-1/2

[Event "Lisbon Portugal op"]
[Site "Lisbon"]
[Date "2019.02.09"]
[Round "9"]
[White "Boucquet, Emile"]
[Black "Barbier, Astrid"]
[Result "0-1"]
[WhiteElo "2213"]
[BlackElo "1945"]
[PlyCount "82"]
[EventDate "2019.02.02"]
[EventType "swiss"]
[EventRounds "9"]
[EventCountry "POR"]
[SourceTitle "CBM 188 Extra"]
[Source "ChessBase"]
[SourceDate "2019.02.26"]
[SourceVersion "1"]
[SourceVersionDate "2019.02.26"]
[SourceQuality "1"]

1. e4 g6 2. d4 Bg7 3. c4 d6 4. Nc3 Nf6 5. f3 0-0 6. Nge2 c6 7. Be3 a5 8. g4 Nbd7 9. Ng3 e5 10. d5 cxd5 11. cxd5 Nc5 12. Qd2 a4 13. h4 b6 14. h5 Ba6 15. Bxa6 Rxa6 16. Rd1 Ra7 17. Qh2 Bh8 18. Nb5 Rb7 19. Bh6 Re8 20. Nf5 Nfxe4 21. fxe4 gxf5 22. gxf5 f6 23. Rg1+ Bg7 24. Qh4 Kh8 25. Bxg7+ Rxg7 26. Kf2 Reg8 27. Rg6 Qd7 28. Nc3 b5 29. a3 Rf8 30. Rdg1 Rfg8 31. Rxg7 Rxg7 32. Qxf6 Nxe4+ 33. Nxe4 Qa7+ 34. Ke2 Qxg1 35. h6 Qg4+ 36. Kd2 Qf4+ 37. Kc3 Qe3+ 38. Kb4 Qd4+ 39. Ka5 Qa7+ 40. Kxb5 Qb7+ 41. Kc4 Qb3# 0-1

[Event "Lisbon Portugal op"]
[Site "Lisbon"]
[Date "2019.02.03"]
[Round "3"]
[White "Boucquet, Emile"]
[Black "Candeias, Humberto"]
[Result "0-1"]
[WhiteElo "2213"]
[BlackElo "1932"]
[PlyCount "66"]
[EventDate "2019.02.02"]
[EventType "swiss"]
[EventRounds "9"]
[EventCountry "POR"]
[SourceTitle "CBM 188 Extra"]
[Source "ChessBase"]
[SourceDate "2019.02.26"]
[SourceVersion "1"]
[SourceVersionDate "2019.02.26"]
[SourceQuality "1"]

1. e4 e5 2. Nf3 Nc6 3. Bc4 Nf6 4. 0-0 Bc5 5. d3 d6 6. a4 a6 7. c3 h6 8. b4 Ba7 9. Qb3 0-0 10. Na3 Bg4 11. Nd2 Be2 12. Re1 Bh5 13. Nf1 Ng4 14. Ne3 Nxf2 15. Kxf2 Qh4+ 16. Kf1 Qxh2 17. Nac2 Kh8 18. d4 f5 19. exf5 exd4 20. Be6 d3 21. Nd4 Bxd4 22. Qd5 Bxc3 23. g4 Bxe1 24. Qg2 Qxg2+ 25. Kxg2 Bf7 26. Bb2 Bxb4 27. Rh1 Ne5 28. Bxf7 Rxf7 29. g5 Kg8 30. Nd5 Bc5 31. g6 Nxg6 32. Nf6+ Rxf6 33. Bxf6 gxf6 0-1

[Event "BEL-chT 1819"]
[Site "Belgium"]
[Date "2018.12.02"]
[Round "5.7"]
[White "Boucquet, Emile"]
[Black "Kaufeld, Juergen"]
[Result "1/2-1/2"]
[WhiteElo "2176"]
[BlackElo "2189"]
[PlyCount "106"]
[EventDate "2018.09.30"]
[EventType "team-tourn"]
[EventRounds "11"]
[EventCountry "BEL"]
[SourceTitle "CBM 187 Extra"]
[Source "ChessBase"]
[SourceDate "2018.11.04"]
[SourceVersion "1"]
[SourceVersionDate "2018.11.04"]
[SourceQuality "1"]
[WhiteTeam "KBSK Brugge"]
[BlackTeam "KSK47 Eynatten"]
[WhiteTeamCountry "BEL"]
[BlackTeamCountry "BEL"]

1. e4 c5 2. d4 cxd4 3. c3 Nf6 4. e5 Nd5 5. cxd4 g6 6. Bc4 Nb6 7. Bb3 Bg7 8. f4 d6 9. Qe2 Nc6 10. Nf3 0-0 11. 0-0 Na5 12. Bc2 Be6 13. Rd1 Rc8 14. Nc3 Nd5 15. Bd2 Nc4 16. Nxd5 Bxd5 17. Bc3 Qd7 18. Be4 Qc6 19. Bxd5 Qxd5 20. Nd2 Nxd2 21. Rxd2 Rfd8 22. a3 e6 23. Rad1 Bh6 24. g3 Bf8 25. Rd3 dxe5 26. fxe5 Bg7 27. Qg2 h5 28. Qxd5 Rxd5 29. Kf1 a5 30. Ke2 Rcd8 31. h4 Kf8 32. Rf1 R8d7 33. Rdf3 Bh6 34. Kd3 Ke8 35. Ke4 Bf8 36. Rf4 b5 37. Bxa5 Rxd4+ 38. Kf3 Rd3+ 39. Kg2 Bh6 40. R4f2 Bg7 41. Re2 Rd1 42. Rc2 Ke7 43. Rc8 R1d4 44. Bb4+ Rxb4 45. axb4 Bxe5 46. Rc2 Rd4 47. Ra1 Rxb4 48. Ra7+ Kf8 49. Rf2 f5 50. Rb7 Rxb2 51. Rxb2 Bxb2 52. Rxb5 Bf6 53. Rb7 Be7 1/2-1/2

[Event "Amantea op 16th"]
[Site "Amantea"]
[Date "2018.09.16"]
[Round "9"]
[White "Di Benedetto, Edoardo"]
[Black "Boucquet, Emile"]
[Result "1/2-1/2"]
[WhiteElo "2302"]
[BlackElo "2176"]
[PlyCount "69"]
[EventDate "2018.09.09"]
[EventType "swiss"]
[EventRounds "9"]
[EventCountry "ITA"]
[SourceTitle "CBM 186 Extra"]
[Source "ChessBase"]
[SourceDate "2018.08.24"]
[SourceVersion "1"]
[SourceVersionDate "2018.08.24"]
[SourceQuality "1"]

1. e4 c5 2. Nf3 d6 3. Bb5+ Nd7 4. d4 Ngf6 5. Nc3 cxd4 6. Qxd4 e5 7. Qd3 h6 8. 0-0 Be7 9. Be3 0-0 10. a4 a6 11. Bxd7 Bxd7 12. Nd2 Bc6 13. Nc4 b5 14. axb5 axb5 15. Nb6 Rxa1 16. Rxa1 Nxe4 17. Nxe4 f5 18. Nd5 fxe4 19. Qxe4 Bg5 20. Bxg5 Qxg5 21. Ne7+ Qxe7 22. Qxc6 b4 23. f3 Kh8 24. Ra8 Rd8 25. Qe4 b3 26. cxb3 Qc7 27. Rxd8+ Qxd8 28. b4 d5 29. Qe3 d4 30. Qd3 Qc7 31. Kf2 Qc1 32. b3 Qb2+ 33. Kf1 Qc1+ 34. Kf2 Qb2+ 35. Kf1 1/2-1/2

[Event "Amantea op 16th"]
[Site "Amantea"]
[Date "2018.09.14"]
[Round "7"]
[White "Legky, Nikolay A"]
[Black "Boucquet, Emile"]
[Result "1-0"]
[WhiteElo "2419"]
[BlackElo "2176"]
[PlyCount "47"]
[EventDate "2018.09.09"]
[EventType "swiss"]
[EventRounds "9"]
[EventCountry "ITA"]
[SourceTitle "CBM 186 Extra"]
[Source "ChessBase"]
[SourceDate "2018.08.24"]
[SourceVersion "1"]
[SourceVersionDate "2018.08.24"]
[SourceQuality "1"]

1. d4 d5 2. c4 e6 3. Nc3 Nf6 4. Nf3 Be7 5. Bf4 0-0 6. e3 b6 7. cxd5 exd5 8. Bd3 Bb7 9. 0-0 a6 10. Ne5 Nbd7 11. Qf3 c5 12. Rad1 b5 13. Qh3 g6 14. Bh6 Re8 15. f4 c4 16. Bc2 Bd6 17. Bg5 Qc7 18. Qh4 Nh5 19. g4 Ng7 20. Nxf7 Kxf7 21. f5 gxf5 22. Bxf5 Nxf5 23. Qxh7+ Ke6 24. gxf5# 1-0